000 00352nam a22001577a 4500
003 SGT
020 _a978-81-203-3852-4
082 _a624.209
_bJAG
100 _aJAGADEESH,T.R
245 _aDESIGN OF BRIDGE STRUCTURES
250 _a2ND
260 _aDELHI
_bPHI LEARNING PVT
_c2016
300 _a342
650 _aCIVIL ENGINEERING
942 _2ddc
_cBK
999 _c14654
_d14654